| 000 | 00563nam a2200193Ia 4500 | ||
|---|---|---|---|
| 003 | GCL | ||
| 008 | 140319s9999 xx 000 0 eng d | ||
| 040 |
_aGCL / _cGCL |
||
| 082 | 0 | 4 |
_a537.6223 _bH T |
| 100 | 1 | _aHERMANN, ALLAN | |
| 245 | 1 | 0 |
_aThallium- Based High- Temperature Swpercoductors / _cHERMANN, ALLAN |
| 700 | 1 | _aYAKHMI, J.V. | |
| 260 |
_a[S.N] : _bMARCEL DEKKER, INC ، _c1994 |
||
| 300 | _a623 P | ||
| 650 | 0 | 4 | _aHIGH TEMPERATURE SUPER CONDUCT |
| 650 | 0 | 4 | _aTHALLIUM COMPOUNDS ELECTRIC PROGRAME |
| 650 | 0 | 4 | _aELECTRIC PROPERTIES |
| 942 |
_2ddc _cBK |
||
| 999 |
_c18237 _d18237 |
||